| 000 | 01310cam a2200193 4500 | ||
|---|---|---|---|
| 008 | 000000n2000 000 0 eng u | ||
| 035 | _a(Sirsi) u107758 | ||
| 245 | _aWildtree Hotels Ltd and others v Harrow LBC | ||
| 260 | _c2000 | ||
| 490 |
_aWeekly Law Reports _v[2000] 3 WLR 165-180(16) |
||
| 520 | _aHL 22 June 2000. Owner of a hotel adjacent to compulsorily purchased land for a road improvement scheme claimed that the obstruction and closure of roads and pavements to the hotel had 'injuriously affected' their land by causing a diminution in the rental value of the hotel during the work and entitled them to compensation under the Compulsory Purchase Act 1965 s10. LT held that no compensation was payable where there was no direct interference to the land such as dust, noise etc and that compensation payable would be limited to diminution in value. W appealed and H cross-appealed. CA dismissed W's appeal but allowed H's cross-appeal. Appeal to HL, allowed in part. | ||
| 650 | _aCOMPENSATION | ||
| 650 | _aINJURIOUS AFFECTION | ||
| 650 | _aCOMPULSORY PURCHASE ACT 1965 | ||
| 650 | _aDIMINUTION IN VALUE | ||
| 650 | _aWILDTREE HOTELS LTD AND OTHERS V HARROW LBC | ||
| 690 | _aENVIRONMENTAL AND LAND CONSULTANCY-PLANNING AND DEVELOPMENT-COMPULSORY PURCHASE AND COMPENSATION | ||
| 942 | _n0 | ||
| 999 |
_c64366 _d64366 |
||